<?xml version="1.0" encoding="UTF-8"?><?xml-stylesheet type="text/xsl" href="static/style.xsl"?><OAI-PMH xmlns="http://www.openarchives.org/OAI/2.0/" xmlns:xsi="http://www.w3.org/2001/XMLSchema-instance" xsi:schemaLocation="http://www.openarchives.org/OAI/2.0/ http://www.openarchives.org/OAI/2.0/OAI-PMH.xsd"><responseDate>2026-04-17T20:02:57Z</responseDate><request verb="GetRecord" identifier="oai:www.recercat.cat:20.500.14342/3358" metadataPrefix="marc">https://recercat.cat/oai/request</request><GetRecord><record><header><identifier>oai:recercat.cat:20.500.14342/3358</identifier><datestamp>2026-03-10T00:12:35Z</datestamp><setSpec>com_2072_482405</setSpec><setSpec>com_2072_183628</setSpec><setSpec>col_2072_482415</setSpec></header><metadata><record xmlns="http://www.loc.gov/MARC21/slim" xmlns:dcterms="http://purl.org/dc/terms/" xmlns:xsi="http://www.w3.org/2001/XMLSchema-instance" xmlns:doc="http://www.lyncode.com/xoai" xsi:schemaLocation="http://www.loc.gov/MARC21/slim http://www.loc.gov/standards/marcxml/schema/MARC21slim.xsd">
   <leader>00925njm 22002777a 4500</leader>
   <datafield ind2=" " ind1=" " tag="042">
      <subfield code="a">dc</subfield>
   </datafield>
   <datafield ind2=" " ind1=" " tag="720">
      <subfield code="a">Arrieta-Salinas, Itziar</subfield>
      <subfield code="e">author</subfield>
   </datafield>
   <datafield ind2=" " ind1=" " tag="720">
      <subfield code="a">Armendáriz-Iñigo, José Enrique</subfield>
      <subfield code="e">author</subfield>
   </datafield>
   <datafield ind2=" " ind1=" " tag="720">
      <subfield code="a">Navarro, Joan</subfield>
      <subfield code="e">author</subfield>
   </datafield>
   <datafield ind2=" " ind1=" " tag="260">
      <subfield code="c">2014-12</subfield>
   </datafield>
   <datafield ind2=" " ind1=" " tag="520">
      <subfield code="a">Classic replication protocols running on traditional cluster-based databases are currently unable to meet the ever-growing scalability demands of many modern software applications. Recent cloud-based storage repositories overcome such  imitations by fostering availability and scalability over data consistency and transactional support. However, many applications that cannot resign from their transactional nature are unable to benefit from the cloud paradigm. This paper presents Epidemia, a distributed storage architecture featuring a hybrid approach that combines classic database replication with a cloud-inspired infrastructure to provide transactional support and high availability. This architecture is able to offer different consistency levels according to the client demands, thanks to a replication strategy based on epidemic updates in which the replicas of each data partition are organized hierarchically. Additionally, the behavior of a prototype implementation under different workload scenarios is evaluated. Conducted experiments verify that (1) configuration parameters such as the partitioning scheme or the replication protocol play a crucial role on system's throughput, and (2) the existence of replica hierarchies that are asynchronously updated is able to alleviate the scalability limitations of traditional replicated databases by directing transactions that tolerate a certain staleness in the versions of retrieved data items to these replicas.</subfield>
   </datafield>
   <datafield ind1="8" ind2=" " tag="024">
      <subfield code="a">http://hdl.handle.net/20.500.14342/3358</subfield>
   </datafield>
   <datafield ind1="8" ind2=" " tag="024">
      <subfield code="a">htpps://doi.org/10.3217/jucs-020-14-1876</subfield>
   </datafield>
   <datafield tag="653" ind2=" " ind1=" ">
      <subfield code="a">Bases de dades distribuïdes</subfield>
   </datafield>
   <datafield tag="653" ind2=" " ind1=" ">
      <subfield code="a">Computació en núvol</subfield>
   </datafield>
   <datafield ind2="0" ind1="0" tag="245">
      <subfield code="a">Epidemia: Variable Consistency for Transactional Cloud Databases</subfield>
   </datafield>
</record></metadata></record></GetRecord></OAI-PMH>